000 00264nam a2200109Ia 4500
008 231219s9999 xx 000 0 und d
041 _aeng
100 _aM. Vygodsky.
245 _aMathematical Handbook.
260 _bMIR Publishar Moscow.
650 _aManagement
999 _c974469
_d974469